| 000 | 01008nam a2200313Ia 4500 | ||
|---|---|---|---|
| 003 | GCL | ||
| 008 | 140319s9999 xx 000 0 ara d | ||
| 040 |
_aGCL / _cGCL |
||
| 082 | 0 | 4 |
_a805 _bد هـ |
| 100 | 1 | _aدار الهلال | |
| 245 | 1 | 0 |
_aالهلال - ديسمبر 1993 / _cدار الهلال |
| 300 | _a194 ص | ||
| 490 |
_aالهيئة العامة للاستعلامات _v0 |
||
| 650 | 0 | 4 | _aالشعر العربى |
| 650 | 0 | 4 | _aالقصص القصيرة |
| 650 | 0 | 4 | _aمصر |
| 650 | 0 | 4 | _aالتاريخ الاسلامى |
| 650 | 0 | 4 | _aالشعر العربى - تاريخ ونقد |
| 650 | 0 | 4 | _aنهر النيل |
| 650 | 0 | 4 | _aنجيب محفوظ |
| 650 | 0 | 4 | _aالدوريات |
| 650 | 0 | 4 | _aمصر - حزب الوفد |
| 650 | 0 | 4 | _aالموسيقى العربية - تاريخ ونقد |
| 650 | 0 | 4 | _aانحراف الطلاب |
| 650 | 0 | 4 | _aالمخطوطات المصرية |
| 650 | 0 | 4 | _aانطوان مايو |
| 650 | 0 | 4 | _aالسرطان - علاج |
| 942 |
_2ddc _cBK |
||
| 999 |
_c51636 _d51636 |
||